[Event "Challenge"]
[Site "http://www.queenalice.com/game.php?id=1450129"]
[Date "2016.11.13"]
[Round "-"]
[White "Aspayne"]
[Black "Bzwugzwang"]
[Result "1-0"]
[WhiteElo "2119"]
[BlackElo "1500"]

1. e4 c5 2. Nc3 Nc6 3. g3 g6 4. Bg2 Bg7 5. Nge2 e6 6. O-O Nge7 7. d3 O-O 8. Be3
b6 9. f4 d5 10. exd5 exd5 11. Bf2 d4 12. Ne4 Bb7 13. g4 f5 14. Ng5 1-0

[Event "Challenge"]
[Site "http://www.queenalice.com/game.php?id=1450130"]
[Date "2016.11.13"]
[Round "-"]
[White "uschmidi"]
[Black "Bzwugzwang"]
[Result "1-0"]
[WhiteElo "2112"]
[BlackElo "1500"]

1. d4 d5 2. c4 c6 3. cxd5 cxd5 4. Nc3 Nc6 5. Nf3 Nf6 6. Bf4 Bf5 7. h3 Qb6 8. Qd2
e6 9. Na4 Qa6 10. Qd1 Bb4+ 11. Nc3 1-0

[Event "Challenge"]
[Site "http://www.queenalice.com/game.php?id=1450134"]
[Date "2016.11.13"]
[Round "-"]
[White "Mannu"]
[Black "Bzwugzwang"]
[Result "0-1"]
[WhiteElo "2023"]
[BlackElo "1500"]

1. f3 e5 2. Kf2 f5 3. e3 Nc6 4. c4 Nf6 5. Ne2 d6 6. d4 e4 7. Nbc3 Be7 8. Ng3 O-O
9. Be2 exf3 10. Bxf3 Ng4+ 11. Ke1 Bh4 12. Bd5+ Kh8 13. Qf3 Nb4 14. Qe2 Nxh2 0-1

[Event "Challenge"]
[Site "http://www.queenalice.com/game.php?id=1450136"]
[Date "2016.11.13"]
[Round "-"]
[White "axedre"]
[Black "Bzwugzwang"]
[Result "0-1"]
[WhiteElo "2032"]
[BlackElo "2113"]

1. e4 c5 2. Nc3 g6 3. g3 Bg7 4. Nge2 Nc6 5. Bg2 d6 6. d3 Nf6 7. O-O O-O 8. h3 e5
9. Be3 Nd4 10. Qd2 Bxh3 11. Nd5 Nxd5 12. exd5 Bd7 13. c3 Nf5 14. f3 h5 15. d4
Nxe3 16. Qxe3 exd4 17. cxd4 h4 18. g4 Re8 19. Qd3 Qb6 20. dxc5 Qxc5+ 21. Kh1 Bb5
0-1

[Event "Challenge"]
[Site "http://www.queenalice.com/game.php?id=1450139"]
[Date "2016.11.13"]
[Round "-"]
[White "Donyelko"]
[Black "Bzwugzwang"]
[Result "0-1"]
[WhiteElo "2099"]
[BlackElo "1706"]

1. e4 c5 2. Nf3 Nc6 3. Bb5 Nd4 4. Nxd4 cxd4 5. Qf3 e5 6. Bc4 Nf6 7. c3 Bc5 8. b4
Bb6 9. a4 O-O 10. O-O a5 11. b5 d5 12. exd5 e4 13. Qe2 d3 14. Qe1 Qd6 15. Ba3
Qe5 16. Bxf8 Ng4 17. g3 Kxf8 18. Bxd3 Qh5 19. h4 exd3 20. c4 Nxf2 21. Rxf2 Qf3
22. Nc3 Qxg3+ 23. Kh1 Bxf2 24. Qf1 Qxh4+ 0-1

[Event "Challenge"]
[Site "http://www.queenalice.com/game.php?id=1450140"]
[Date "2016.11.13"]
[Round "-"]
[White "Geison"]
[Black "Bzwugzwang"]
[Result "1-0"]
[WhiteElo "2035"]
[BlackElo "1500"]

1. e4 c5 2. Qf3 Nc6 3. Bc4 Ne5 4. Qc3 Nxc4 5. Qxc4 d6 6. Qb5+ Qd7 7. a4 a6 8.
Qb6 Qg4 9. Ne2 Qxg2 10. Ng3 Nf6 11. Nc3 h5 12. h4 g5 13. Nd5 Nxd5 14. exd5 1-0

[Event "Challenge"]
[Site "http://www.queenalice.com/game.php?id=1450142"]
[Date "2016.11.13"]
[Round "-"]
[White "Nahid"]
[Black "Bzwugzwang"]
[Result "0-1"]
[WhiteElo "1978"]
[BlackElo "2023"]

1. d4 d5 2. c4 c6 3. Nc3 Nf6 4. Bf4 a6 5. e3 Bf5 6. Nf3 e6 7. a3 Bd6 8. Bg5 Nbd7
9. b4 O-O 10. Nh4 h6 11. Nxf5 exf5 12. Bxf6 Nxf6 13. Bd3 dxc4 14. Bxc4 Qc7 15.
h3 a5 16. Rb1 axb4 17. axb4 Ra3 18. Ne2 Bxb4+ 19. Rxb4 Qa5 20. O-O Qxb4 21. Bd3
g6 22. Ng3 Rfa8 23. Bb1 Ra1 24. Qd3 R8a3 25. Qc2 Rb3 26. Ba2 Rb2 27. Qc4 Raxa2
28. Qxb4 Rxb4 29. Nh1 f4 30. Rd1 fxe3 31. fxe3 Rbb2 32. d5 Rxg2+ 33. Kf1 Rh2 34.
Kg1 Nxd5 35. Re1 Rag2+ 36. Kf1 Rxh1+ 0-1

[Event "Challenge"]
[Site "http://www.queenalice.com/game.php?id=1450144"]
[Date "2016.11.13"]
[Round "-"]
[White "Andrez"]
[Black "Bzwugzwang"]
[Result "0-1"]
[WhiteElo "2074"]
[BlackElo "1946"]

1. g4 d5 2. Bg2 Bxg4 3. c4 c6 4. cxd5 cxd5 5. Qb3 Nf6 6. Qxb7 Nbd7 7. Nc3 Rb8 8.
Qxa7 e5 9. Nxd5 Nxd5 10. Bxd5 Bc5 11. Qa4 Rb4 12. Qa8 Rb8 13. Qa4 Bf5 14. a3 O-O
15. Bg2 Bd4 16. e3 Nc5 17. Qc4 Nd3+ 18. Ke2 Qh4 19. Nh3 e4 20. exd4 Qg4+ 21. f3
exf3+ 22. Bxf3 Rfe8+ 23. Kf1 Re1# 0-1

[Event "Challenge"]
[Site "http://www.queenalice.com/game.php?id=1450148"]
[Date "2016.11.13"]
[Round "-"]
[White "Matrim"]
[Black "Bzwugzwang"]
[Result "0-1"]
[WhiteElo "2010"]
[BlackElo "1646"]

1. d4 d5 2. Nf3 c5 3. c3 Nf6 4. Bf4 Nc6 5. e3 Qb6 6. b3 cxd4 7. cxd4 Nh5 8. Bg3
Bf5 9. Nc3 Nxg3 10. fxg3 Qa5 11. Qd2 e6 12. Bb5 Rc8 0-1

[Event "Challenge"]
[Site "http://www.queenalice.com/game.php?id=1450150"]
[Date "2016.11.13"]
[Round "-"]
[White "rockaudrey"]
[Black "Bzwugzwang"]
[Result "1-0"]
[WhiteElo "1959"]
[BlackElo "2102"]

1. e4 c5 2. Nf3 Nc6 3. d4 cxd4 4. Nxd4 g6 5. Be3 Bg7 6. Nc3 Nf6 7. f3 O-O 8. Qd2
d5 9. exd5 Nxd5 10. Nxc6 bxc6 11. Nxd5 cxd5 12. c3 Qa5 13. Bd3 Rb8 14. O-O Rd8
15. b4 Qa3 16. Rfc1 d4 17. Bc4 Bf5 18. cxd4 Qxb4 19. Qxb4 Rxb4 20. Rab1 Rxb1 21.
Rxb1 Bxb1 22. a4 Bxd4 23. Bxd4 Rxd4 24. Bb5 Bc2 25. h3 Bxa4 26. Bxa4 1-0

[Event "Challenge"]
[Site "http://www.queenalice.com/game.php?id=1450152"]
[Date "2016.11.13"]
[Round "-"]
[White "christian_labat"]
[Black "Bzwugzwang"]
[Result "0-1"]
[WhiteElo "2010"]
[BlackElo "2198"]

1. a4 e5 2. d4 exd4 3. Qxd4 Nc6 4. Qd1 d5 5. Nf3 Nf6 6. e3 Bg4 7. h3 Bh5 8. Be2
Bc5 9. O-O O-O 10. c3 a5 11. Nbd2 Qe7 12. Nd4 Nxd4 13. Bxh5 Nf5 14. Nb3 Bd6 15.
Nd4 Nh4 16. g3 Qe4 17. gxh4 Qe5 18. Bxf7+ Rxf7 19. f4 Qe7 20. Nf5 Qe6 21. Nxd6
Qxd6 22. b3 Ne4 23. Bb2 Qg6+ 24. Qg4 Qb6 25. Rfe1 Qxb3 26. Rab1 Qxa4 27. Re2 Qc4
28. Rg2 a4 29. Ba1 Nd6 30. Rb4 Qd3 31. c4 Qxe3+ 32. Kh1 d4 33. c5 Qe1+ 34. Rg1
Qxb4 35. cxd6 Qxd6 36. f5 c5 37. Re1 a3 38. Rg1 Qd5+ 39. Rg2 Qxf5 40. Qg3 Qf3
41. Qd6 Re8 42. Kh2 Re2 43. Qd8+ Rf8 44. Qg5 Rxg2+ 45. Qxg2 Qxg2+ 46. Kxg2 d3
47. Bc3 a2 0-1

[Event "Challenge"]
[Site "http://www.queenalice.com/game.php?id=1450153"]
[Date "2016.11.13"]
[Round "-"]
[White "steinie"]
[Black "Bzwugzwang"]
[Result "0-1"]
[WhiteElo "1956"]
[BlackElo "1901"]

1. e4 c5 2. d3 Nc6 3. Nc3 g6 4. Nf3 Bg7 5. Be3 Nd4 6. Ng1 d6 7. Nf3 e6 8. h3 Qb6
9. Rb1 Nxf3+ 10. Qxf3 Bxc3+ 11. Bd2 Bxd2+ 0-1

[Event "Challenge"]
[Site "http://www.queenalice.com/game.php?id=1453138"]
[Date "2016.12.3"]
[Round "-"]
[White "lelinho"]
[Black "Bzwugzwang"]
[Result "0-1"]
[WhiteElo "2067"]
[BlackElo "2160"]

1. f4 e5 2. Nf3 e4 3. Ng5 d5 4. d3 h6 5. Nxe4 dxe4 6. dxe4 Qxd1+ 7. Kxd1 Nf6 8.
Nd2 Bc5 9. h3 Nh5 10. g4 Ng3 11. Rh2 Be3 12. Rg2 Bxf4 13. e3 Nxf1 14. Nxf1 Be5
15. c3 b6 16. Bd2 Bb7 17. Ng3 Nd7 18. Kc2 Nc5 19. Rgg1 Nxe4 20. Nxe4 Bxe4+ 21.
Kb3 O-O-O 22. Be1 Rhe8 23. Bg3 Bf6 24. Rad1 Bd5+ 25. Kc2 Rxe3 26. h4 Re2+ 27.
Kb1 Be4+ 28. Ka1 c5 29. a3 Rxd1+ 30. Rxd1 Rg2 31. Re1 Bd5 0-1

[Event "Challenge"]
[Site "http://www.queenalice.com/game.php?id=1453768"]
[Date "2016.12.7"]
[Round "-"]
[White "Dummer"]
[Black "Bzwugzwang"]
[Result "0-1"]
[WhiteElo "2234"]
[BlackElo "2210"]

1. e4 c5 2. f4 d5 3. exd5 Nf6 4. Bb5+ Bd7 5. Bxd7+ Qxd7 6. c4 e6 7. Qe2 Bd6 8.
f5 O-O 9. fxe6 fxe6 10. dxe6 Qe7 11. Nf3 Nc6 12. Nc3 Nd4 13. Nxd4 cxd4 14. Nb5
d3 15. Qxd3 Qxe6+ 16. Kd1 Rad8 17. Re1 Be5 18. Qb3 Qg4+ 19. Qf3 Qxf3+ 20. gxf3
Bxh2 21. Nxa7 Bg3 22. Re2 Nd7 23. b3 Ne5 24. Ba3 Rxf3 0-1

[Event "Challenge"]
[Site "http://www.queenalice.com/game.php?id=1453770"]
[Date "2016.12.7"]
[Round "-"]
[White "Greeley"]
[Black "Bzwugzwang"]
[Result "1-0"]
[WhiteElo "2035"]
[BlackElo "2129"]

1. e4 c5 2. Nf3 Nc6 3. d4 cxd4 4. Nxd4 Nf6 5. Nc3 g6 6. Bc4 Bg7 7. Be3 O-O 8.
O-O Nxe4 9. Nxc6 bxc6 10. Nxe4 d5 11. Bd3 dxe4 12. Bxe4 Ba6 13. Qxd8 Rfxd8 14.
Bxc6 Rac8 15. Rfd1 Rxd1+ 16. Rxd1 Rxc6 17. Rd8+ Bf8 18. Bh6 Rc8 19. Rxc8 Bxc8
20. Bc1 Bg7 21. c3 1-0

[Event "Challenge"]
[Site "http://www.queenalice.com/game.php?id=1453771"]
[Date "2016.12.7"]
[Round "-"]
[White "Gera"]
[Black "Bzwugzwang"]
[Result "0-1"]
[WhiteElo "2091"]
[BlackElo "2058"]

1. d4 d5 2. c4 c6 3. e3 Bf5 4. Nc3 Nf6 5. cxd5 cxd5 6. Qb3 Nc6 7. Bb5 e6 8. Qa4
Qc7 9. Nf3 Bd6 10. Bd2 O-O 11. Rc1 a6 12. Bxc6 bxc6 13. O-O Rfb8 14. Qd1 Rxb2
15. Qa4 Bd3 16. Rfe1 h6 17. Red1 Ng4 18. g3 Qd8 19. Be1 Bb5 20. Nxb5 axb5 21.
Qxa8 Qxa8 22. h3 Nf6 0-1

[Event "Challenge"]
[Site "http://www.queenalice.com/game.php?id=1456695"]
[Date "2016.12.26"]
[Round "-"]
[White "brasilianlion"]
[Black "Bzwugzwang"]
[Result "1-0"]
[WhiteElo "2111"]
[BlackElo "2081"]

1. d4 d5 2. c4 c6 3. Nf3 Nf6 4. Nc3 dxc4 5. a4 Bf5 6. Ne5 Nbd7 7. Nxc4 Qc7 8. g3
e5 9. dxe5 Nxe5 10. Bf4 Nfd7 11. Bg2 g5 12. Bxe5 Nxe5 13. Qd4 f6 14. Ne3 Bg6 15.
a5 a6 16. O-O Qd6 17. Qa4 Qb4 18. Qa2 Be7 19. Rac1 Bf7 20. Qa1 Rd8 21. Nf5 Bg6
22. Nxe7 Kxe7 23. e4 Rd2 24. Rb1 Rhd8 25. Rbd1 Nc4 26. Rxd2 1-0

[Event "Challenge"]
[Site "http://www.queenalice.com/game.php?id=1456697"]
[Date "2016.12.26"]
[Round "-"]
[White "Regina1962"]
[Black "Bzwugzwang"]
[Result "0-1"]
[WhiteElo "2099"]
[BlackElo "2133"]

1. e4 c5 2. Nf3 Nc6 3. d4 cxd4 4. Nxd4 e5 5. Nb5 d6 6. c4 Nf6 7. N1c3 a6 8. Na3
Be6 9. Bg5 Be7 10. Be2 Nxe4 11. Bxe7 Nxc3 12. Qxd6 Qa5 13. Kf1 Nxe2 14. Kxe2
Nxe7 15. Rad1 Nf5 16. Qd3 Nd4+ 17. Kf1 O-O 18. f4 Nf5 19. g4 Rad8 20. Qe2 Rxd1+
0-1

[Event "Challenge"]
[Site "http://www.queenalice.com/game.php?id=1456698"]
[Date "2016.12.26"]
[Round "-"]
[White "frankcasadio"]
[Black "Bzwugzwang"]
[Result "1-0"]
[WhiteElo "2104"]
[BlackElo "2114"]

1. e4 c5 2. Bc4 e6 3. Nf3 d5 4. exd5 exd5 5. Qe2+ Be7 6. Bb5+ Nc6 7. O-O Nf6 8.
d4 O-O 9. Re1 Re8 10. Bg5 Bd7 11. c3 cxd4 12. Bxc6 bxc6 13. Nxd4 Bd6 14. Qd1 Qb6
15. b3 Ng4 16. g3 Rxe1+ 17. Qxe1 h6 18. Be3 Re8 19. Qd2 c5 20. Nc2 1-0

[Event "Challenge"]
[Site "http://www.queenalice.com/game.php?id=1456702"]
[Date "2016.12.26"]
[Round "-"]
[White "Aspayne"]
[Black "Bzwugzwang"]
[Result "1-0"]
[WhiteElo "2108"]
[BlackElo "2165"]

1. e4 c5 2. Nc3 Nc6 3. g3 g6 4. Bg2 d6 5. Nge2 Bg7 6. O-O e5 7. d3 Nge7 8. f4
O-O 9. fxe5 dxe5 10. Bg5 f6 11. Be3 Nd4 12. h3 Be6 13. Qd2 Qd7 14. Kh2 b5 15.
Nd1 Rad8 16. Nf2 f5 17. exf5 gxf5 18. c3 Nxe2 19. Qxe2 Rc8 20. b3 Ng6 21. Rad1
f4 22. gxf4 exf4 23. Bd2 1-0